000 00746cam a22002295a 4500
001 L158085
008 140423s1894 xxk f 000 0 eng d
035 _a(Sirsi) u158085
041 _aeng
100 _aWheeler, John
245 4 _aThe appraiser, auctioneer, broker, house and estate agent, and valuer`s pocket assistant
250 _a5th rev ed
260 _aLondon
_bCrosby Lockwood & Son
_c1894
350 _a0
651 4 _aENGLAND AND WALES
690 _aValuation
_96273
690 _aAuctioneering
_96218
700 _aNorris, C.
856 4 0 _auhttp://194.154.180.18/uhtbin/cgisirsi.exe/0/0/0/1/117/X/zComplete an order form to purchase an electronic copy of an extract from this book.
942 _n0
948 _c04/03/1997
999 _c115131
_d115131